Fr. Conceicao Rodrigues College of Engineering

Numerical methods:Problems and solutions (Record no. 28546)

MARC details
000 -LEADER
fixed length control field 00347nam a2200145Ia 4500
082 ## - DEWEY DECIMAL CLASSIFICATION NUMBER
Classification number 515/JAI
Item number JAI
100 ## - MAIN ENTRY--PERSONAL NAME
Personal name Jain/M.K/ Iyengar/S.R.K
245 ## - TITLE STATEMENT
Title Numerical methods:Problems and solutions
260 ## - PUBLICATION, DISTRIBUTION, ETC.
Name of publisher, distributor, etc. New Age Int (P) Ltd
Place of publication, distribution, etc. New Delhi
Date of publication, distribution, etc. 2004
366 ## - TRADE AVAILABILITY INFORMATION
Publishers's discount category 15
300 ## - PHYSICAL DESCRIPTION
Extent 421
546 ## - LANGUAGE NOTE
Language note ENGLISH
654 ## - SUBJECT ADDED ENTRY--FACETED TOPICAL TERMS
Focus term Numerical
942 ## - ADDED ENTRY ELEMENTS (KOHA)
Koha item type BOOK
Holdings
Withdrawn status Lost status Damaged status Not for loan Collection Home library Current library Shelving location Date acquired Source of acquisition Cost, normal purchase price Total Checkouts Full call number Barcode Date last seen Cost, replacement price Price effective from Koha item type
        CRC Fr. Agnel's C.Rodrigues College of Engineering Fr. Agnel's C.Rodrigues College of Engineering   17/03/2023 Unique Book Distributors 185.00   515/JAI JAI 16547 17/03/2023 200.00   BOOK
        CRC Fr. Agnel's C.Rodrigues College of Engineering Fr. Agnel's C.Rodrigues College of Engineering   17/03/2023 Unique Book Distributors 185.00   515/JAI JAI 16548 17/03/2023 200.00   BOOK